000 01491nam2a22002411 4500
001 rc\22451
005 20250620192616.0
035 _a(NLR Aleph) 005383522
090 _a7125902
_c7125902
100 _a20021216d1991 |||y0rusy50 ca
101 0 _arus
102 _aRU
105 _aa |||||||||
200 0 _aЧ. 3
_hСекция 6
_iМетоды анализа сетевых систем
_hСекция 7
_iМетоды моделирования сетевых систем. Интегрированные стенды для логического проектирования, верификации и тестирования
_hСекция 8
_iПрименения сетевых систем и вопросы эксплуатации
210 _d1991
_aБ. м.
215 _a241, [1] с.
_cил.
320 _aБиблиогр. в конце докл.
461 0 _1001rc\22448
_12001#$aШестнадцатая Всесоюзная школа-семинар по вычислительным сетям$eТез. докл.$e[В 3 ч.]$vЧ. 3
_97950008
_aВсесоюзная школа-семинар по вычислительным сетям (16 ; 1991 ; Москва / Винница)
_cМ.
_d1991-
_nБ. и.
_oТез. докл. : [В 3 ч.]
_tШестнадцатая Всесоюзная школа-семинар по вычислительным сетям
_vЧ. 3
801 0 _aRU
_bNLR
_gpsbo
801 1 _aRU
_bELAR
_2rusmarc
852 _aNLR
_j91-5/2950
942 _cBOOK
980 _aNB